| 000 | 00809nam a2200217 i 4500 | ||
|---|---|---|---|
| 001 | 000016586 | ||
| 003 | DO-SdBNP | ||
| 005 | 20250130130909.0 | ||
| 007 | ta | ||
| 008 | 100308s1977 dr a r 000 0 spa d | ||
| 040 |
_aDO-SdBNP _bspa _cBNPHU _erda |
||
| 082 | 4 |
_axxx _bR426 _222 |
|
| 110 | 1 |
_aRepública Dominicana. _bSecretaría de Estado de Educación, Bellas Artes y Cultos _923965 |
|
| 245 | 1 | 0 |
_aprograma de entrenamiento y capacitación a distancia para maestros de educación primaria en servicio : _bguia de estudios. |
| 264 | 1 |
_aSanto Domingo : _bSecretaría de Estado de Educación, Bellas Artes y Cultos, _c1977. |
|
| 300 |
_avolumen : _bgráficos ; _c28 cm. |
||
| 336 |
_atexto _btxt _2rdacontent |
||
| 337 |
_asin mediación _bn _2rdamedia |
||
| 338 |
_avolumen _bnc _2rdacarrier |
||
| 942 |
_2ddc _cLBS1 |
||
| 999 |
_c16119 _d16119 |
||